| 000 | 01228cab a2200241 4500 | ||
|---|---|---|---|
| 001 | X3070 | ||
| 008 | 090401t1996 xxu||||| |||| 00| 0 eng d | ||
| 035 | _a(Sirsi) u28325 | ||
| 041 | _aeng | ||
| 245 | _aIperion Investments Corporation v Broadwalk House Residents Ltd | ||
| 260 | _c1996 | ||
| 350 | _a0 | ||
| 490 |
_aProperty and Compensation Reports _v1996 71 P&CR 34-42(10) |
||
| 520 | _aCA 23 November 1994. Plaintiff tenant covenanted to pay service chargee which included the landlord`s cost. Litigation between landlord and tenant.. Whether as a matter of construction, landlord`s costs of litigation were within the covenant. If so, whether court should exercise discretion under s20C of the Landlord and Tenant Act 1985 to direct that litigation costs not to be regarded as relevant in determining plaintiff`s service charge. Whether costs award to be upheld. (Headnote from abstract) (See also Abs54020) | ||
| 650 | _aFORFEITURE | ||
| 650 | _aLANDLORD AND TENANT ACT 1985 S20C | ||
| 650 | _aLAW OF PROPERTY ACT 1925 | ||
| 650 | _aLEGAL COSTS | ||
| 650 | _aIPERION INVESTMENTS V BROADWALK HOUSE RESIDENTS | ||
| 690 | _aLANDLORD AND TENANT-CASE LAW-BUSINESS TENANCIES | ||
| 942 | _n0 | ||
| 948 | _c04/03/1997 | ||
| 999 |
_c19088 _d19088 |
||